[Event "Helmond De Legibus op"]
[Site "Helmond"]
[Date "2015.07.11"]
[Round "2"]
[White "Van Asseldonk, Paul"]
[Black "Berelowitsch, Alexander"]
[Result "0-1"]
[WhiteElo "2018"]
[BlackElo "2527"]
[PlyCount "64"]
[EventDate "2015.07.11"]
[EventType "swiss (rapid)"]
[EventRounds "9"]
[EventCountry "NED"]
[SourceTitle "EXT 2018"]
[Source "ChessBase"]
[SourceDate "2017.10.13"]
[SourceVersion "1"]
[SourceVersionDate "2017.10.13"]
[SourceQuality "1"]

1. e4 g6 2. d4 Bg7 3. Be3 d6 4. Nc3 Nf6 5. Qd2 Ng4 6. Bg5 h6 7. Bh4 c6 8. 0-0-0 b5 9. Kb1 b4 10. Na4 Qa5 11. b3 Nd7 12. f3 Ngf6 13. Be1 Qc7 14. Qxb4 a5 15. Qa3 0-0 16. Ne2 Ba6 17. c4 Rfb8 18. Nec3 Qa7 19. Kc2 Ne8 20. c5 Rb4 21. Nb6 Bxf1 22. Rxf1 Nxb6 23. cxb6 Rxb6 24. Na4 Rbb8 25. Qc1 Nc7 26. Bc3 Nb5 27. Bb2 Nxd4+ 28. Bxd4 Bxd4 29. Qxh6 Bg7 30. Qd2 c5 31. Qd3 c4 32. bxc4 Rb4 0-1

[Event "Mittelrhein Verbandsliga-W 1112"]
[Site "Germany"]
[Date "2011.10.09"]
[Round "2.5"]
[White "Van Asseldonk, Paul"]
[Black "Rempe, Moritz"]
[Result "1-0"]
[WhiteElo "1969"]
[BlackElo "1801"]
[PlyCount "85"]
[EventDate "2011.09.18"]
[EventType "team-tourn"]
[EventRounds "11"]
[EventCountry "GER"]
[SourceTitle "EXT 2013"]
[Source "ChessBase"]
[SourceDate "2012.11.22"]
[SourceVersion "1"]
[SourceVersionDate "2012.11.22"]
[SourceQuality "1"]
[WhiteTeam "Kerpen SK"]
[BlackTeam "Aachen II"]
[WhiteTeamCountry "GER"]
[BlackTeamCountry "GER"]

1. e4 e6 2. d4 d5 3. Nd2 Nf6 4. e5 Nfd7 5. c3 c5 6. f4 Nc6 7. Ndf3 b6 8. Bd3 g6 9. Ne2 Bb7 10. 0-0 Qc7 11. Kh1 0-0-0 12. Be3 Be7 13. Rc1 Kb8 14. Qa4 c4 15. Bb1 Na5 16. b4 Bc6 17. Qd1 Nb7 18. a4 b5 19. axb5 Bxb5 20. Bc2 Nb6 21. Ra1 a6 22. Ra2 h6 23. Qd2 Qc6 24. Rfa1 Rdg8 25. Bd1 Rh7 26. Neg1 Rhg7 27. Nh3 Bd8 28. Nf2 g5 29. fxg5 hxg5 30. Ng4 Nd7 31. Ba4 Nb6 32. Bxb5 axb5 33. Nf6 Bxf6 34. exf6 Rh7 35. Nxg5 Rh5 36. Bf4+ Kc8 37. Ra8+ Nxa8 38. Rxa8+ Kd7 39. Rxg8 Nd6 40. Qd1 Rh6 41. Nf3 Rh5 42. g4 Ne4 43. Qe1 1-0

[Event "Maastricht Limburg op-B 4th"]
[Site "Maastricht"]
[Date "2010.05.23"]
[Round "4"]
[White "Kuck, Ulrich"]
[Black "Van Asseldonk, Paul"]
[Result "1-0"]
[WhiteElo "1951"]
[BlackElo "2027"]
[PlyCount "69"]
[EventDate "2010.05.21"]
[EventType "swiss"]
[EventRounds "7"]
[EventCountry "NED"]
[SourceTitle "EXT 2011"]
[Source "ChessBase"]
[SourceDate "2010.11.26"]
[SourceVersion "1"]
[SourceVersionDate "2010.11.26"]
[SourceQuality "1"]

1. e4 c5 2. c3 Nf6 3. e5 Nd5 4. d4 Nc6 5. Bc4 Nb6 6. Bb3 cxd4 7. cxd4 d6 8. Nf3 dxe5 9. d5 Na5 10. Nc3 Nxb3 11. Qxb3 e6 12. Nxe5 Bd6 13. dxe6 Bxe6 14. Qb5+ Nd7 15. Nxd7 Qxd7 16. Ne4 Be7 17. Qxd7+ Bxd7 18. Be3 Bc6 19. f3 0-0 20. Nd2 Bf6 21. 0-0-0 Rfe8 22. Rhe1 Be5 23. Bg1 Bf4 24. Kc2 Rac8 25. Rxe8+ Bxe8+ 26. Kb1 Bb5 27. Nb3 a5 28. g3 Be2 29. Re1 Bd3+ 30. Ka1 Bg5 31. Nc5 Bb5 32. Ne4 Bh6 33. Nd6 Bd2 34. Rb1 Rc5 35. Bxc5 1-0

[Event "Liberec op 10th"]
[Site "Liberec"]
[Date "2009.10.29"]
[Round "7"]
[White "Van Asseldonk, Paul"]
[Black "Loberg, Jo Kristian"]
[Result "0-1"]
[WhiteElo "2107"]
[BlackElo "1891"]
[PlyCount "50"]
[EventDate "2009.10.24"]
[EventType "swiss"]
[EventRounds "9"]
[EventCountry "CZE"]
[SourceTitle "EXT 2010"]
[Source "ChessBase"]
[SourceDate "2010.11.25"]
[SourceVersion "1"]
[SourceVersionDate "2010.11.25"]
[SourceQuality "1"]

1. e4 c5 2. Nf3 Nc6 3. d4 cxd4 4. Nxd4 Nf6 5. Nc3 e6 6. Nxc6 bxc6 7. e5 Nd5 8. Nxd5 cxd5 9. Bd3 d6 10. Bf4 Qc7 11. Qe2 Bd7 12. 0-0 dxe5 13. Bxe5 Bd6 14. Bxg7 Bxh2+ 15. Kh1 Rg8 16. Bf6 Qf4 17. Qe3 Qxf6 18. Kxh2 d4 19. Qf3 Qxf3 20. gxf3 Rb8 21. b3 Bc6 22. Rg1 Ke7 23. Rg3 Rxg3 24. Kxg3 Rg8+ 25. Kf4 f6 0-1

[Event "Amantea op-A 7th"]
[Site "Amantea"]
[Date "2009.08.31"]
[Round "1"]
[White "Van Asseldonk, Paul"]
[Black "Maiorov, Nikita"]
[Result "0-1"]
[WhiteElo "2107"]
[BlackElo "2513"]
[PlyCount "86"]
[EventDate "2009.08.31"]
[EventType "swiss"]
[EventRounds "9"]
[EventCountry "ITA"]
[SourceTitle "CBM 132 Extra"]
[Source "ChessBase"]
[SourceDate "2009.11.03"]
[SourceVersion "1"]
[SourceVersionDate "2009.11.03"]
[SourceQuality "1"]

1. e4 e5 2. Nf3 Nc6 3. Bb5 a6 4. Bxc6 dxc6 5. b3 f6 6. Bb2 Ne7 7. d4 exd4 8. Qxd4 Qxd4 9. Bxd4 Ng6 10. e5 f5 11. 0-0 Nf4 12. Bb2 Be7 13. g3 Ne6 14. Ba3 g5 15. Bxe7 Kxe7 16. Rd1 Bd7 17. Nc3 Be8 18. Nd4 Bg6 19. Nxe6 Kxe6 20. f4 gxf4 21. gxf4 Bh5 22. Rd3 Rag8+ 23. Rg3 Rd8 24. Rf1 Kf7 25. Rf2 Rd4 26. Rh3 Bg6 27. Rd3 c5 28. Rxd4 cxd4 29. Nd5 c5 30. Nb6 Ke6 31. a4 Rd8 32. Rd2 Bh5 33. Kf2 Rg8 34. Kf1 Bg4 35. Rf2 Bh3+ 36. Ke1 Rg1+ 37. Kd2 Bg4 38. Kd3 Rd1+ 39. Kc4 d3 40. Kxc5 Rc1 41. c4 Rc2 42. Rf1 d2 43. Nd5 Rc1 0-1

[Event "Oban op"]
[Site "Oban"]
[Date "2008.11.30"]
[Round "4"]
[White "McGregor, Lindsay A"]
[Black "Van Asseldonk, Paul"]
[Result "0-1"]
[WhiteElo "1773"]
[BlackElo "2107"]
[PlyCount "104"]
[EventDate "2008.11.28"]
[EventType "swiss"]
[EventRounds "5"]
[EventCountry "SCO"]
[SourceTitle "EXT 2011"]
[Source "ChessBase"]
[SourceDate "2010.11.26"]
[SourceVersion "1"]
[SourceVersionDate "2010.11.26"]
[SourceQuality "1"]

1. e4 c5 2. Nf3 g6 3. d4 cxd4 4. Nxd4 Bg7 5. Nc3 Nc6 6. Be3 Nf6 7. Be2 0-0 8. 0-0 d5 9. exd5 Nxd5 10. Nxd5 Qxd5 11. Bf3 Qc4 12. c3 Nxd4 13. Bxd4 Bxd4 14. cxd4 Rd8 15. Rc1 Qxa2 16. Rc7 Be6 17. Bxb7 Rab8 18. d5 Qxb2 19. Bc6 Rbc8 20. Rxc8 Bxc8 21. Qa4 Qb6 22. Re1 e6 23. Qc4 Qc7 24. h3 Bb7 25. Rd1 a6 26. Rb1 exd5 27. Bxd5 Qxc4 28. Bxc4 Rd7 29. Rb6 a5 30. Bb3 Bd5 31. Ba4 Ra7 32. Rd6 Be6 33. Kf1 Kf8 34. Ke2 Ke7 35. Rd4 Rc7 36. Kd3 Rc5 37. Rh4 h5 38. Rf4 Rg5 39. Bc6 Kd6 40. Ba8 Rb5 41. Kc3 Rb3+ 42. Kc2 Rb8 43. Bf3 Rb4 44. Rxb4 axb4 45. Kb2 Ke5 46. Bd1 Kd4 47. Kc2 h4 48. Be2 g5 49. Bf1 Bc4 50. Bxc4 Kxc4 51. g4 b3+ 52. Kd2 Kd4 0-1

[Event "Oban op"]
[Site "Oban"]
[Date "2008.11.29"]
[Round "2"]
[White "Berry, Neil"]
[Black "Van Asseldonk, Paul"]
[Result "1-0"]
[WhiteElo "2239"]
[BlackElo "2107"]
[PlyCount "29"]
[EventDate "2008.11.28"]
[EventType "swiss"]
[EventRounds "5"]
[EventCountry "SCO"]
[SourceTitle "EXT 2011"]
[Source "ChessBase"]
[SourceDate "2010.11.26"]
[SourceVersion "1"]
[SourceVersionDate "2010.11.26"]
[SourceQuality "1"]

1. d4 Nf6 2. c4 e6 3. Nc3 Bb4 4. Nf3 c5 5. g3 Nc6 6. Bg2 0-0 7. 0-0 Bxc3 8. bxc3 d6 9. Bf4 Nh5 10. Be3 Qe7 11. Rb1 Rb8 12. Nd2 Na5 13. dxc5 dxc5 14. Rb5 b6 15. Bxc5 1-0

[Event "Oban op"]
[Site "Oban"]
[Date "2008.11.28"]
[Round "1"]
[White "Van Asseldonk, Paul"]
[Black "Mollison, Jamie"]
[Result "1-0"]
[WhiteElo "2107"]
[BlackElo "1799"]
[PlyCount "85"]
[EventDate "2008.11.28"]
[EventType "swiss"]
[EventRounds "5"]
[EventCountry "SCO"]
[SourceTitle "EXT 2011"]
[Source "ChessBase"]
[SourceDate "2010.11.26"]
[SourceVersion "1"]
[SourceVersionDate "2010.11.26"]
[SourceQuality "1"]

1. e4 e6 2. d4 d5 3. Nd2 dxe4 4. Nxe4 Nd7 5. Nf3 Ngf6 6. Bg5 Be7 7. Nxf6+ Nxf6 8. Bd3 c5 9. 0-0 cxd4 10. Nxd4 a6 11. Re1 0-0 12. c3 Qc7 13. Qe2 h6 14. Bh4 Qf4 15. Bg3 Qg4 16. Qe5 Qh5 17. Qf4 Nd5 18. Qd2 Bf6 19. Be2 Qg6 20. Bd3 Qh5 21. Rad1 b5 22. Bb1 Bb7 23. Qc2 g6 24. a4 bxa4 25. Qxa4 Rad8 26. Be4 Nb6 27. Qc2 Bxe4 28. Qxe4 Qd5 29. Qe2 Qb7 30. Ra1 Bxd4 31. cxd4 Rxd4 32. Be5 Rd5 33. Qf3 Nd7 34. Bc3 Rb8 35. Qf4 Rg5 36. g3 Qb5 37. Red1 e5 38. Qe3 Nc5 39. Ra5 Qb3 40. Rda1 Rb5 41. Rxb5 Qxb5 42. Ra5 Qb3 43. Rxc5 1-0

[Event "Berlin Lichtenberger op 7th"]
[Site "Berlin"]
[Date "2008.08.22"]
[Round "7"]
[White "Kohlmeyer, Dagobert"]
[Black "Van Asseldonk, Paul"]
[Result "0-1"]
[WhiteElo "2002"]
[BlackElo "2101"]
[PlyCount "90"]
[EventDate "2008.08.16"]
[EventType "swiss"]
[EventRounds "9"]
[EventCountry "GER"]
[SourceTitle "CBM 126 Extra"]
[Source "ChessBase"]
[SourceDate "2008.11.05"]
[SourceVersion "1"]
[SourceVersionDate "2008.11.05"]
[SourceQuality "1"]

1. e4 c5 2. Nf3 d6 3. d4 cxd4 4. Nxd4 Nf6 5. Nc3 g6 6. Be3 Bg7 7. f3 0-0 8. Qd2 Nc6 9. Bc4 Bd7 10. 0-0-0 Ne5 11. Bb3 Rc8 12. g4 b5 13. Bh6 b4 14. Nb1 a5 15. Bxg7 Kxg7 16. g5 Nh5 17. f4 Nc4 18. Bxc4 Rxc4 19. f5 Qc8 20. Rhf1 Rc5 21. Nb3 Re5 22. Qd4 gxf5 23. exf5 Bxf5 24. Rd2 Kg8 25. a3 Re4 26. Qb6 a4 27. Na1 Bg6 28. axb4 Qc4 29. Rfd1 Qa2 30. Rd3 Re2 31. R3d2 Rxd2 32. Kxd2 Qxa1 33. Qd4 Rc8 34. Na3 Qa2 35. c4 Qb3 36. Qc3 Qxc3+ 37. Kxc3 Nf4 38. b5 Ne6 39. b3 axb3 40. Kxb3 Nxg5 41. Rd5 Ne6 42. Rd1 Nc5+ 43. Kc3 Ra8 44. Nb1 Ra1 45. Kb2 Rxb1+ 0-1

[Event "Berlin Lichtenberger op 7th"]
[Site "Berlin"]
[Date "2008.08.17"]
[Round "2"]
[White "Eberlein, Johann"]
[Black "Van Asseldonk, Paul"]
[Result "0-1"]
[WhiteElo "1941"]
[BlackElo "2101"]
[PlyCount "146"]
[EventDate "2008.08.16"]
[EventType "swiss"]
[EventRounds "9"]
[EventCountry "GER"]
[SourceTitle "CBM 126 Extra"]
[Source "ChessBase"]
[SourceDate "2008.11.05"]
[SourceVersion "1"]
[SourceVersionDate "2008.11.05"]
[SourceQuality "1"]

1. d4 Nf6 2. c4 e6 3. Nf3 Bb4+ 4. Bd2 a5 5. g3 b6 6. Bg2 Bb7 7. 0-0 0-0 8. Bg5 Be7 9. Nc3 Ne4 10. Bxe7 Qxe7 11. Rc1 f5 12. d5 Nxc3 13. Rxc3 Na6 14. Nd4 Nc5 15. Nb5 d6 16. dxe6 Bxg2 17. Kxg2 Nxe6 18. Qd5 Qf7 19. Re3 Rae8 20. Kg1 Re7 21. Na7 f4 22. Rf3 Nc5 23. Qxf7+ Rfxf7 24. Re1 fxg3 25. Rxf7 gxh2+ 26. Kxh2 Kxf7 27. e3 Nd3 28. Rb1 Ke8 29. Kg3 g5 30. Nc6 Rf7 31. f3 Kd7 32. Nb8+ Ke6 33. Nc6 Kd7 34. Nb8+ Kc8 35. Nc6 Rd7 36. b4 axb4 37. Nxb4 Nxb4 38. Rxb4 Re7 39. e4 Kd7 40. Kg4 Rf7 41. Rb5 Rf4+ 42. Kg3 h6 43. a4 Ke6 44. a5 bxa5 45. Rxa5 c5 46. Ra8 Ke5 47. Re8+ Kd4 48. Re6 Ke3 49. Rxd6 Rxf3+ 50. Kg2 Rf2+ 51. Kg3 Rc2 52. e5 Rxc4 53. e6 Re4 54. Rd1 Ke2 55. Rc1 c4 56. e7 Kd3 57. Rd1+ Kc3 58. Rc1+ Kd4 59. Rd1+ Kc5 60. Rd7 h5 61. Rc7+ Kb4 62. Rb7+ Kc3 63. Rc7 h4+ 64. Kh3 Re3+ 65. Kg2 g4 66. Kf2 Re5 67. Kg2 h3+ 68. Kg3 Re4 69. Rd7 Kb3 70. Rb7+ Kc2 71. Rb4 Kd3 72. Ra4 Rxe7 73. Kxg4 h2 0-1

[Event "Berlin Lichtenberger op 7th"]
[Site "Berlin"]
[Date "2008.08.16"]
[Round "1"]
[White "Van Asseldonk, Paul"]
[Black "Schalck, Christiano"]
[Result "1-0"]
[WhiteElo "2101"]
[BlackElo "1747"]
[PlyCount "81"]
[EventDate "2008.08.16"]
[EventType "swiss"]
[EventRounds "9"]
[EventCountry "GER"]
[SourceTitle "CBM 126 Extra"]
[Source "ChessBase"]
[SourceDate "2008.11.05"]
[SourceVersion "1"]
[SourceVersionDate "2008.11.05"]
[SourceQuality "1"]

1. e4 e5 2. Nf3 Nc6 3. Bc4 Nf6 4. d3 Bc5 5. Bg5 h6 6. Bh4 d6 7. Nc3 Bg4 8. h3 Bxf3 9. Qxf3 Nd4 10. Qd1 c6 11. Ne2 Ne6 12. Bxe6 fxe6 13. d4 Bxd4 14. Nxd4 exd4 15. Qxd4 e5 16. Qb4 Qe7 17. 0-0-0 g5 18. Bg3 0-0-0 19. f3 c5 20. Qc4 Nd7 21. a4 Nb6 22. Qb3 Nd7 23. Rd2 Rhf8 24. a5 Nb8 25. h4 Qc7 26. Qe6+ Rd7 27. Kb1 Nc6 28. c3 Nxa5 29. Rhd1 Kb8 30. Bxe5 Ka8 31. Bxd6 Qb6 32. Qxd7 Rd8 33. Qxd8+ Qxd8 34. Bxc5 Qc7 35. Rd8+ Qb8 36. Rxb8+ Kxb8 37. hxg5 hxg5 38. Rd5 b6 39. Bd6+ Kb7 40. Rxg5 Nc4 41. Bf4 1-0

[Event "Oban op"]
[Site "Oban"]
[Date "2007.12.02"]
[Round "5"]
[White "Van Asseldonk, Paul"]
[Black "Sreeves, Clement"]
[Result "1-0"]
[WhiteElo "1999"]
[BlackElo "1733"]
[PlyCount "103"]
[EventDate "2007.11.30"]
[EventType "swiss"]
[EventRounds "5"]
[EventCountry "SCO"]
[SourceTitle "EXT 2023"]
[Source "ChessBase"]
[SourceDate "2022.10.05"]
[SourceVersion "1"]
[SourceVersionDate "2022.10.05"]
[SourceQuality "1"]

1. e4 c5 2. Nf3 d6 3. d4 cxd4 4. Nxd4 Nf6 5. Nc3 g6 6. Be3 Bg7 7. f3 Nc6 8. Qd2 0-0 9. 0-0-0 d5 10. Kb1 Nxd4 11. Bxd4 dxe4 12. fxe4 Be6 13. Be2 Qa5 14. Nd5 Qxd2 15. Nxf6+ exf6 16. Rxd2 Bh6 17. Rdd1 f5 18. Bf3 Rac8 19. a4 b6 20. a5 bxa5 21. Bxa7 Bg7 22. Bd4 Rfd8 23. Bb6 Re8 24. Bxa5 Rb8 25. c3 fxe4 26. Bxe4 Bg4 27. Bf3 Bf5+ 28. Ka2 Re6 29. Rd8+ Rxd8 30. Bxd8 Bc2 31. Ka3 Ra6+ 32. Kb4 Bf8+ 33. Kc4 Bf5 34. b4 Be6+ 35. Kb5 Ra3 36. Bf6 h5 37. Rd1 Bg7 38. Bxg7 Kxg7 39. c4 h4 40. c5 h3 41. Rd2 g5 42. Bb7 f5 43. g3 g4 44. Kc6 Kf6 45. b5 Kg5 46. Kd6 Bc4 47. b6 Bb5 48. c6 Bxc6 49. Bxc6 f4 50. gxf4+ Kxf4 51. b7 Rb3 52. Kc7 1-0

[Event "Proville op 4th"]
[Site "Proville"]
[Date "2007.07.01"]
[Round "7"]
[White "Van Asseldonk, Paul"]
[Black "Chion, Alexandre"]
[Result "0-1"]
[WhiteElo "2125"]
[BlackElo "1928"]
[PlyCount "92"]
[EventDate "2007.06.29"]
[EventType "swiss"]
[EventRounds "7"]
[EventCountry "FRA"]
[SourceTitle "CBM 119 Extra"]
[Source "ChessBase"]
[SourceDate "2007.09.04"]
[SourceVersion "1"]
[SourceVersionDate "2007.09.04"]
[SourceQuality "1"]

1. e4 c6 2. d4 d5 3. Nd2 dxe4 4. Nxe4 Bf5 5. Ng3 Bg6 6. h4 h6 7. f4 e6 8. Nf3 Nf6 9. h5 Bh7 10. Bd3 Bxd3 11. Qxd3 Be7 12. Bd2 c5 13. 0-0-0 Qc7 14. Ne5 Nc6 15. Nxc6 Qxc6 16. f5 0-0-0 17. Qa3 Rxd4 18. Qxa7 Ra4 19. Ba5 Qa6 20. Qxa6 bxa6 21. Bc3 Nd5 22. Ne2 Rg4 23. fxe6 fxe6 24. Be5 Re4 25. Bxg7 Rg8 26. Nc3 Nxc3 27. Bxc3 Rxg2 28. Rde1 Bg5+ 29. Kd1 Rxe1+ 30. Bxe1 Kd7 31. Rh3 Kc6 32. Ra3 Kb6 33. Rb3+ Kc6 34. Ba5 e5 35. Rb6+ Kd5 36. Rxa6 e4 37. Ra8 e3 38. Re8 Rh2 39. Re5+ Kxe5 40. Bc7+ Ke4 41. Bxh2 Kf3 42. Bg3 Kxg3 43. Ke2 Kg4 44. c4 Kxh5 45. a4 Bd8 46. Kxe3 Kg4 0-1

[Event "Ghent op 29th"]
[Site "Ghent"]
[Date "2006.07.17"]
[Round "5"]
[White "Van der Stricht, Geert"]
[Black "Van Asseldonk, Paul"]
[Result "1-0"]
[WhiteElo "2408"]
[BlackElo "2071"]
[PlyCount "51"]
[EventDate "2006.07.15"]
[EventType "swiss"]
[EventRounds "9"]
[EventCountry "BEL"]
[SourceTitle "CBM 113 Extra"]
[Source "ChessBase"]
[SourceDate "2006.09.14"]
[SourceVersion "1"]
[SourceVersionDate "2006.09.14"]
[SourceQuality "1"]

1. d4 Nf6 2. c4 e6 3. g3 c5 4. Nf3 b6 5. d5 d6 6. Bg2 e5 7. Nxe5 dxe5 8. d6 e4 9. Nc3 a6 10. Bf4 b5 11. Nd5 Bxd6 12. Nxf6+ gxf6 13. Qxd6 Qxd6 14. Bxd6 Bb7 15. Bxc5 Nd7 16. Bd6 bxc4 17. Rc1 Rc8 18. 0-0 Rg8 19. Rfd1 Rg5 20. Bb4 Rb5 21. Bc3 Ne5 22. Rd4 Rd8 23. Rxd8+ Kxd8 24. Kf1 Bd5 25. Rd1 Ke7 26. a4 1-0

[Event "Leuven op 16th"]
[Site "Leuven"]
[Date "2004.11.11"]
[Round "1"]
[White "Van Asseldonk, Paul"]
[Black "Piankov, Evgenij"]
[Result "1/2-1/2"]
[WhiteElo "2057"]
[BlackElo "2323"]
[PlyCount "103"]
[EventDate "2004.11.11"]
[EventType "swiss"]
[EventRounds "7"]
[EventCountry "BEL"]
[SourceTitle "EXT 2005"]
[Source "ChessBase"]
[SourceDate "2004.11.15"]
[SourceVersion "1"]
[SourceVersionDate "2004.11.15"]
[SourceQuality "1"]

1. e4 g6 2. d4 Bg7 3. Be3 c6 4. c4 d5 5. Nc3 dxe4 6. Nxe4 Nd7 7. Ne2 Ngf6 8. N2c3 Nxe4 9. Nxe4 0-0 10. Qd2 Nf6 11. Nxf6+ Bxf6 12. Be2 Qd6 13. Rd1 a5 14. 0-0 Bf5 15. g4 Be6 16. f4 b5 17. b3 bxc4 18. bxc4 Qb4 19. Qd3 Rad8 20. f5 Bc8 21. Qe4 gxf5 22. Rxf5 Bg7 23. Bd3 f6 24. Rc5 f5 25. gxf5 Bf6 26. Rxc6 Kh8 27. d5 Qb2 28. Rxf6 exf6 29. Bd4 Qxa2 30. Kh1 Qa4 31. Ra1 Qd7 32. Rxa5 Rde8 33. Qh4 Qf7 34. Rb5 Qe7 35. Rb1 Rf7 36. Rg1 Bb7 37. Bc3 Qd6 38. Rg6 Ref8 39. Rg2 Rg8 40. Rxg8+ Kxg8 41. Qd4 Qa3 42. Bd2 Qb3 43. Bf4 h5 44. Bg3 Qd1+ 45. Kg2 Qd2+ 46. Kh3 Bc8 47. Qe4 Bd7 48. c5 h4 49. Be1 Bxf5+ 50. Qxf5 Qxe1 51. Qc8+ Kg7 52. Qg4+ 1/2-1/2

[Event "Bad Wildbad op"]
[Site "Bad Wildbad"]
[Date "2004.11.02"]
[Round "4"]
[White "Kroencke, Manfred"]
[Black "Van Asseldonk, Paul"]
[Result "1-0"]
[WhiteElo "2178"]
[BlackElo "2057"]
[PlyCount "89"]
[EventDate "2004.10.??"]
[EventType "swiss"]
[EventRounds "9"]
[EventCountry "GER"]
[SourceTitle "EXT 2005"]
[Source "ChessBase"]
[SourceDate "2004.11.15"]
[SourceVersion "1"]
[SourceVersionDate "2004.11.15"]
[SourceQuality "1"]

1. e4 c5 2. Nf3 d6 3. Bb5+ Bd7 4. Bxd7+ Qxd7 5. 0-0 g6 6. c3 Bg7 7. d4 e5 8. Be3 b6 9. Nbd2 Nc6 10. Nc4 cxd4 11. cxd4 Rd8 12. dxe5 dxe5 13. Qa4 Nd4 14. Qxd7+ Rxd7 15. Nfxe5 Nc2 16. Nxd7 Nxa1 17. Ndxb6 Nc2 18. Nd5 Nxe3 19. Ndxe3 Nf6 20. e5 Nd7 21. Nd6+ Ke7 22. f4 Nb6 23. Rc1 Rd8 24. Rc7+ Rd7 25. Rxd7+ Nxd7 26. Nc8+ Ke6 27. Nxa7 g5 28. g3 gxf4 29. gxf4 f6 30. Nc6 fxe5 31. Nxe5 Nxe5 32. fxe5 Kxe5 33. b3 Ke4 34. Nc4 Kd3 35. Kf2 Bc3 36. Kf3 Be1 37. Kf4 Kd4 38. Kg5 Kc3 39. Kh6 Kc2 40. Kxh7 Kb1 41. a4 Ka2 42. a5 Kxb3 43. a6 Bf2 44. Ne5 Ka4 45. Nc6 1-0